Elección en las alcaldías 2002, ¿Una nueva esperanza democrática? /
Gespeichert in:
| 1. Verfasser: | |
|---|---|
| Weitere Verfasser: | |
| Format: | Text |
| Veröffentlicht: |
San José:
Fundación Friedrich Ebert
|
| Schlagworte: | |
| Tags: |
Tag hinzufügen
Keine Tags, Fügen Sie den ersten Tag hinzu!
|
MARC
| LEADER | 00000 a a2200000 04500 | ||
|---|---|---|---|
| 001 | 33104 | ||
| 003 | |||
| 040 | |||
| 020 | |a 9977-961-31-X | ||
| 090 | |a 206403 | ||
| 100 | |a Rodriguez Céspedes, Florisabel | ||
| 245 | |a Elección en las alcaldías 2002, ¿Una nueva esperanza democrática? / |c Florisabel Rodriguez Céspedes | ||
| 260 | |a San José: |b Fundación Friedrich Ebert | ||
| 300 | |a 145 p. | ||
| 650 | |a GOBIERNO LOCAL | ||
| 650 | |a ELECCIONES | ||
| 650 | |a DEMOCRACIA | ||
| 650 | |a CRISIS | ||
| 650 | |a CRISIS POLITICA | ||
| 650 | |a POLITICOS | ||
| 650 | |a PARTIDOS POLITICOS | ||
| 650 | |a OPINION PUBLICA | ||
| 650 | |a COMPORTAMIENTO POLITICO | ||
| 650 | |a OPINION | ||
| 650 | |a COSTA RICA | ||
| 650 | |a CRISIS POLITICA | ||
| 650 | |a OPINION PUBLICA | ||
| 650 | |a DEMOCRACIA | ||
| 650 | |a COMPORTAMIENTO POLITICO | ||
| 650 | |a OPINION | ||
| 700 | |a ed. |a Zeledón Torres, Fernando |a ed. | ||
| 999 | |c 15383 |d 15383 | ||



